|
|
|
|
| LEADER |
00000caa a22000002c 4500 |
| 001 |
1639304118 |
| 003 |
DE-627 |
| 005 |
20220608124653.0 |
| 007 |
tu |
| 008 |
160223s2002 xx ||||| 00| ||eng c |
| 035 |
|
|
|a (DE-627)1639304118
|
| 035 |
|
|
|a (DE-576)455831890
|
| 035 |
|
|
|a (DE-599)BSZ455831890
|
| 040 |
|
|
|a DE-627
|b ger
|c DE-627
|e rakwb
|
| 041 |
|
|
|a eng
|
| 100 |
1 |
|
|a Southerland, Mittie D.
|4 aut
|
| 245 |
1 |
0 |
|a Criminal justice curricula in the United States: A decade of change
|c Mittie D. Southerland
|
| 264 |
|
1 |
|c 2002
|
| 336 |
|
|
|a Text
|b txt
|2 rdacontent
|
| 337 |
|
|
|a ohne Hilfsmittel zu benutzen
|b n
|2 rdamedia
|
| 338 |
|
|
|a Band
|b nc
|2 rdacarrier
|
| 773 |
0 |
8 |
|i In
|t Justice quarterly
|d Abingdon, Oxfordshire : Routledge, 1984
|g 19(2002), 4, Seite 589-601
|w (DE-627)166984612
|w (DE-600)356637-7
|w (DE-576)015443914
|x 0741-8825
|7 nnas
|
| 773 |
1 |
8 |
|g volume:19
|g year:2002
|g number:4
|g pages:589-601
|
| 776 |
1 |
|
|o 10.1080/07418820200095361
|
| 935 |
|
|
|a mkri
|
| 951 |
|
|
|a AR
|
| ELC |
|
|
|b 1
|
| LOK |
|
|
|0 000 xxxxxcx a22 zn 4500
|
| LOK |
|
|
|0 001 3299766155
|
| LOK |
|
|
|0 003 DE-627
|
| LOK |
|
|
|0 004 1639304118
|
| LOK |
|
|
|0 005 20250401123957
|
| LOK |
|
|
|0 008 160208||||||||||||||||ger|||||||
|
| LOK |
|
|
|0 040
|a DE-21-110
|c DE-627
|d DE-21-110
|
| LOK |
|
|
|0 689
|a s
|a Strafrechtspflege
|
| LOK |
|
|
|0 689
|a g
|a USA
|
| LOK |
|
|
|0 689
|a s
|a Ausbildung
|
| LOK |
|
|
|0 852
|a DE-21-110
|
| LOK |
|
|
|0 852 1
|m p
|9 00
|
| LOK |
|
|
|0 935
|a k110
|
| LOK |
|
|
|0 938
|k p
|
| LOK |
|
|
|0 939
|a 08-02-16
|b l01
|
| ORI |
|
|
|a SA-MARC-krimdoka001.raw
|